00238nam a2200097Ia 4500008004100000041001200041100001600053245005900069260000600128650000600134221030s9999 xx 000 0 und d aEnglish aJ. P. Hayes 0aComputer Architecture and Organizationcby J. P. Hayes c0 aB